| 000 | 00630nam a22001937a 4500 | ||
|---|---|---|---|
| 999 |
_c163145 _d163145 |
||
| 005 | 20190329124545.0 | ||
| 010 | _aENG-125000 | ||
| 020 |
_a9789352301423 _c395.00 |
||
| 035 | _aEN-108532 | ||
| 037 | _bDBAD/PUB | ||
| 082 | _a615.19 | ||
| 100 | _aPotdar, Manohar A. | ||
| 245 |
_aConcepts of quality management in pharmaceutical industry/ _cby Manohar A. Potdar |
||
| 260 |
_aHyderabad _bPharmaMed Press _c2017 |
||
| 270 |
_a4-4-309/316, Giriraj Lane, Sultan Bazar, _bHyderabad _e500095 |
||
| 300 |
_axiv, 265p. _c24cm.(pbk) |
||
| 500 | _aIt includes bibliography and index | ||
| 942 |
_2ddc _cEN _mPOT _h615.19 |
||